00661nam a2200241 a 4500001001300000003000900013005001700022008004100039020000900080082001600089100001500105245002200120260004500142300000900187500003500196505001300231650001500244700001500259902000800274942000700282952011500289999001500404nice12345678IN_TiNIC20260116012626.0050524s1981 newa grp 000 0 eng  ac5000a954.92bKHA aKhatib, Al aWho Killed Mujib? aNew DelhibVikas Publication Housec1981 a216p aincludes index and biblioraphy2 aEpilouge aBangladesh1 aKhatib, Al bSRS cBK 001040708StackRoom-aHMIbHMId2007-04-12g50.00l0o954.92 KHAp010325r2007-04-12v50.00w2005-05-24yBK c7718d7718